| 000 | 00403cam a2200169 4500 | ||
|---|---|---|---|
| 001 | D12483 | ||
| 008 | 090401t1968 xxu||||| |||| 00| 0 eng d | ||
| 035 | _a(Sirsi) u3757 | ||
| 041 | _aeng | ||
| 110 |
_aCountry Landowners' Association _92816 |
||
| 245 | _aInterim notes for mineral owners | ||
| 260 |
_aLondon _bCLA _c1968 |
||
| 350 | _a0 | ||
| 520 | _aShelf 178 | ||
| 942 | _n0 | ||
| 948 | _c04/03/1997 | ||
| 999 |
_c85931 _d85931 |
||